000 00452cam a22001097a 4500
008 180718b1963 xxu||||| |||| 00| 0 eng d
082 _aT31x54 In2j/2
245 _aJoint stock companies in India for 1958-59
_cby Department of Company Law Administration, Ministry of Commerce and Industry
260 _aNew Delhi
_bGovernment of India
_c1963
300 _a1183p
700 _aIndia. Ministry of Commerce and Industry, Department of Company Law Administration
999 _c497989
_d497989